| 000 | 00692nam a2200193 a 4500 | ||
|---|---|---|---|
| 001 | 000039650 | ||
| 005 | 20201002033646.0 | ||
| 008 | 130715s2011 uy 000 0 spa d | ||
| 020 | _a9789974107298 | ||
| 040 |
_aDO-SdBNP _bspa _cBNPHU |
||
| 082 | _axxx | ||
| 100 | 1 |
_aDíaz, José Pedro, _d1921-2006 _965837 |
|
| 245 | 1 | 0 |
_aDiario de José Pedro Díaz : _b(1942-1956; 1971 ; 1998) / _cJosé Pedro Díaz ; edición, prólogo y notas de Alfredo Alzugarat. |
| 260 |
_aUruguay : _bBiblioteca Nacional del Uruguay _bEdiciones de la Banda Oriental, _c2011. |
||
| 300 |
_a457 p. ; _c25 cm. |
||
| 490 | 1 | _aBicentenario | |
| 700 | 1 |
_aAlzugarat, Alfredo, _epról. _965838 |
|
| 830 | 0 |
_aBicentenario _963663 |
|
| 999 |
_c39140 _d39140 |
||